书目信息 |
| 题名: |
国际法学
|
|
| 作者: | 赵海峰 , 杨惠 主编 | |
| 分册: | ||
| 出版信息: | 北京 科学出版社 2009.1 |
|
| 页数: | 244页 | |
| 开本: | 24cm | |
| 丛书名: | ||
| 单 册: | ||
| 中图分类: | D990 | |
| 科图分类: | ||
| 主题词: | 国际法--法学--高等教育--教材 | |
| 电子资源: | ||
| ISBN: | 978-7-03-023587-9 | |
| 000 | 00840nam0 2200253 450 | |
| 001 | 351766 | |
| 005 | 20161017103635.13 | |
| 010 | @a978-7-03-023587-9@dCNY26.00 | |
| 100 | @a20090422d2009 em y0chiy50 ea | |
| 101 | 0 | @achi |
| 102 | @aCN@b110000 | |
| 105 | @ay z 000yy | |
| 106 | @ar | |
| 200 | 1 | @a国际法学@f赵海峰,杨惠主编 |
| 210 | @a北京@c科学出版社@d2009.1 | |
| 215 | @a244页@d24cm | |
| 300 | @a普通高等教育法学核心课教材/徐祥民总主编 | |
| 330 | @a本书分为总论和分论两部分,总论对国际法的概念、历史发展、渊源,国际法与国内法的关系等内容作了阐述;分论对条约法、外交关系和领事法、国际组织法、国际海洋法等内容进行了阐述。 | |
| 606 | 0 | @a国际法@x法学@x高等教育@j教材 |
| 690 | @aD990@v5 | |
| 701 | 0 | @a赵海峰@f(1963~)@4主编 |
| 701 | 0 | @a杨惠@c(女)@4主编 |
| 801 | 0 | @aCN@bTANGWEI@c20161009 |
| 905 | @b0896410-4@dD990@e159@f5 | |
| 国际法学/赵海峰,杨惠主编.-北京:科学出版社,2009.1 |
| 244页;24cm |
| 普通高等教育法学核心课教材/徐祥民总主编 |
| ISBN 978-7-03-023587-9:CNY26.00 |
| 本书分为总论和分论两部分,总论对国际法的概念、历史发展、渊源,国际法与国内法的关系等内容作了阐述;分论对条约法、外交关系和领事法、国际组织法、国际海洋法等内容进行了阐述。 |
| ● |
| 相关链接 |
|
|
|
|
正题名:国际法学
索取号:D990/159
 
预约/预借
| 序号 | 登录号 | 条形码 | 馆藏地/架位号 | 状态 | 备注 |
| 1 | 0896410 | 208964101 | 第一样本阅览室/ [索取号:D990/159] | 在馆 | |
| 2 | 0896411 | 208964110 | 第一借阅区/ [索取号:D990/159] | 在馆 | |
| 3 | 0896412 | 208964129 | 第一借阅区/ [索取号:D990/159] | 在馆 | |
| 4 | 0896413 | 208964138 | 第一借阅区/ [索取号:D990/159] | 在馆 | |
| 5 | 0896414 | 208964147 | 密集书库-史法系/ [索取号:D990/159] | 在馆 |